Tous les Temples des jeux Zelda - Statistiques

Statistiques générales
  • Ce quiz a été pris 69 fois
  • Le résultat moyen est 18 sur 39
Statistiques - réponses
Jeu Temple % Correct
Ocarina of Time Temple de l'Eau
98%
Tears of the Kingdom Temple de l'Eau
98%
Ocarina of Time Temple du Feu
98%
Phantom Hourglass Temple du Feu
98%
Spirit Tracks Temple du Feu
98%
Tears of the Kingdom Temple du Feu
98%
The Wind Waker Temple du Vent
83%
Phantom Hourglass Temple du Vent
83%
Tears of the Kingdom Temple du Vent
83%
Ocarina of Time Temple de la Forêt
75%
Ocarina of Time Temple du Temps
70%
Twilight Princess Temple du Temps
70%
Skyward Sword Temple du Temps
70%
Ocarina of Time Temple de l'Esprit
66%
Ocarina of Time Temple de l'Ombre
64%
Tears of the Kingdom Temple de la Foudre
58%
The Wind Waker Temple de la Terre
57%
Skyward Sword Temple de la Terre
57%
Ocarina of Time Temple de la Lumière
34%
Skyward Sword Temple de la Contemplation
28%
Majora's Mask Temple de la Grande Baie
26%
Majora's Mask Temple du Pic des Neiges
26%
Twilight Princess Temple Abyssal
25%
Majora's Mask Temple de la Forteresse de Pierre
25%
Twilight Princess Temple Sylvestre
25%
Spirit Tracks Temple Sylvestre
25%
Majora's Mask Temple de Bois-Cascade
23%
Phantom Hourglass Temple Goron
15%
Breath of the Wild Temple Oublié
15%
Spirit Tracks Temple des Neiges
13%
Spirit Tracks Temple des Sables
11%
Phantom Hourglass Temple du Courage
11%
Spirit Tracks Temple Marin
11%
Phantom Hourglass Temple de Glace
9%
Oracle of Seasons Temple des Saisons
8%
Phantom Hourglass Temple du Roi des Mers
8%
Phantom Hourglass Temple de Mutoh
6%
Breath of the Wild Ruines du Temple du Temps
4%
Skyward Sword Temple du Sceau
4%
Aucun quiz correspondant
Distribution des résultats
% des personnes avec chaque résultat
Percentile par nombre de réponses
Votre historique - résultats
Vous n’avez pas pris ce quiz